Normal view MARC view

Entry Personal Name

Number of records used in: 1

001 - CONTROL NUMBER

  • control field: 17592

003 - CONTROL NUMBER IDENTIFIER

  • control field: OSt

005 - DATE AND TIME OF LATEST TRANSACTION

  • control field: 20240621130513.0

008 - FIXED-LENGTH DATA ELEMENTS

  • fixed length control field: 240621|| aca||aabn | a|a d

040 ## - CATALOGING SOURCE

  • Original cataloging agency: OSt
  • Transcribing agency: OSt

100 ## - HEADING--PERSONAL NAME

  • Personal name: Felder, Giovanni, Graf, G. M. and Hepp, Klaus

670 ## - SOURCE DATA FOUND

  • Source citation: Work cat.: (OSt)8700: FrΓΆhlich, JΓΌrg. 17591, A journey through statistical physics :, c2009